000 00427nam a2200145 4500
999 _c512881
_d512881
008 191226b ||||| |||| 00| 0 eng d
100 _aHjalmarsson, Randi
_914890
245 _aThe causal effect of military conscription on crime
260 _bEconomic Journal
300 _a129(622), Aug, 2019: p.2522-2562.
700 _aLindquist, Matthew J.
_914891
773 _aEconomic Journal
906 _aCrime
942 _2ddc
_cAR